000
00203 a2200097 4500
001
13030
100
_a
Tan,W.
245
_a
Pre-School Mathematics
260
_a
_b
earlybird books
_c
090
_c
10038
_d
10038
942
_a
NUST-CAE
_c
M
_c
46
999
_c
248103
_d
248103